00614nam a2200205 a 450000100100000000500170001000800410002702000150006804000250008308200230010810000330013124500770016425000110024126000280025249000210028065000280030165000300032970000280035983000210038700002290420200930021851.0101122s1986 sp 000 p spa d a8475360181 aDO-SdBNPbspacBNPHU a811.3bP743p, 19861 aPoe, Edgar Allan,d1809-184910aPoesía completa /cEdgar Allan Poe ; traducción de Arturo Sánchez. a8a ed. aBarcelona :b29,c1986.1 aLibros rio nuevo 4aPoesía estadounidense 4aLiteratura estadounidense1 aSánchez, Arturo,etr. 0aLibros rio nuevo